NBA Starting Cs of the Past 10 Years - Statistics

General Stats
  • This quiz has been taken 434 times
    27 since last reset
  • The average score is 53 of 98
Answer Stats
Answer % Correct
Anthony Davis
100%
Joel Embiid
100%
Karl-Anthony Towns
100%
Nikola Jokic
100%
Trayce Jackson-Davis
100%
Bam Adebayo
95%
Jaylin Williams
95%
Mark Williams
95%
Robert Williams
95%
Rudy Gobert
95%
Alperen Sengun
91%
Brook Lopez
91%
Kristaps Porzingis
91%
Marc Gasol
91%
Pau Gasol
91%
Robin Lopez
91%
Al Horford
86%
Deandre Ayton
86%
Domantas Sabonis
86%
Jalen Duren
86%
Nikola Vucevic
86%
Victor Wembanyama
86%
Clint Capela
82%
Ivica Zubac
82%
Jaren Jackson Jr
82%
Chet Holmgren
77%
DeMarcus Cousins
77%
Isaiah Hartenstein
77%
Jusuf Nurkic
77%
Kevon Looney
77%
Myles Turner
77%
Andre Drummond
73%
Jakob Poeltl
73%
Jarrett Allen
73%
Mitchell Robinson
73%
Nic Claxton
73%
Wendell Carter Jr
73%
Dwight Howard
68%
Steven Adams
68%
DeAndre Jordan
64%
Dereck Lively II
64%
Dwight Powell
64%
Jonas Valanciunas
64%
Daniel Gafford
59%
Donovan Clingan
59%
Hassan Whiteside
59%
Neemias Queta
59%
Zach Edey
59%
Dirk Nowitzki
55%
Kevin Love
55%
LaMarcus Aldridge
55%
Onyeka Okongwu
55%
Tristan Thompson
55%
Zaza Pachulia
55%
Alexandre Sarr
50%
Walker Kessler
50%
JaVale McGee
45%
Moussa Diabate
45%
Joakim Noah
41%
Pascal Siakam
41%
Jay Huff
36%
Mason Plumlee
36%
Serge Ibaka
36%
Yves Missi
36%
Cody Zeller
32%
Isaiah Stewart
32%
Quinten Post
32%
Tyler Zeller
32%
Tyson Chandler
32%
Aron Baynes
27%
Bobby Portis
27%
Derik Queen
27%
Enes Freedom
27%
John Collins
27%
Marcin Gortat
27%
Nick Richards
27%
Bismack Biyombo
23%
Goga Bitadze
23%
Kelly Olynyk
23%
Maxime Raynaud
23%
Nerlens Noel
23%
Christian Wood
18%
Taj Gibson
18%
Alex Len
14%
Daniel Theis
14%
Derrick Favors
14%
Guerschon Yabusele
14%
Kyle Filipowski
14%
Mo Bamba
14%
Thomas Bryant
14%
Willie Cauley-Stein
14%
Dewayne Dedmon
9%
Isaiah Roby
9%
Richaun Holmes
9%
Timofey Mozgov
9%
Jeremiah Robinson-Earl
5%
John Henson
5%
Noah Vonleh
5%
No matching quizzes found
Score Distribution
Percent of People with Each Score
Percentile by Number Answered
Your Score History
You have not taken this quiz since the last reset